| 000 | 00493nam a2200181Ia 4500 | ||
|---|---|---|---|
| 005 | 20250326123943.0 | ||
| 008 | 250326s9999 xx 000 0 und d | ||
| 037 | _aTextbook | ||
| 040 |
_aFMSL _beng _cFMSL |
||
| 041 |
_aeng _2eng |
||
| 084 |
_aV43 L9 _qFMSL |
||
| 100 |
_aOsborne M _9736487 |
||
| 245 | 0 |
_aSoutheast asia: introductory history _cOsborne M |
|
| 260 |
_aLondon _bLondon, George Allen _c1979 |
||
| 300 | _a205p | ||
| 942 |
_cTB _hV43 L9 |
||
| 999 |
_c1271635 _d1271635 |
||